000 00363nam a2200121Ia 4500
008 220216s9999 xx 000 0 und d
100 _aCherian P P
245 0 _aComparative trails regarding pitting and non-pitting in rubber planting in the Andamans
260 _bRubber Board Bulletin
_c1968-69
300 _a76-80
650 _aPlanting practices
942 _cJS
999 _c55972
_d55972